| 000 | 00371nam a2200145Ia 4500 | ||
|---|---|---|---|
| 008 | 230917s9999||||xx |||||||||||||| ||und|| | ||
| 040 |
_e19384 _aMAIN |
||
| 041 | _aEnglish | ||
| 082 | _a330.91 K95P | ||
| 100 | _aKuznets, Simon | ||
| 245 | 0 | _aPost war economic growth: Four lectures | |
| 260 |
_aCambridge _bHarvard University _c1964 |
||
| 300 | _a148 p. | ||
| 942 | _cBK | ||
| 999 |
_c150287 _d150287 |
||